Formula One Monaco Grand Prix Quiz - Statistics

General Stats
  • This quiz has been taken 155 times
    154 since last reset
  • The average score is 14 of 30
Answer Stats
Hint Answer % Correct
How many wins do Keke and Nico Rosberg have combined at the Monaco Grand Prix? 4 (Nico - 3 and Keke - 1)
100%
In what year did Ayrton Senna score his first Monaco Grand Prix win? 1987
96%
How many drivers have won their ONLY career race at Monaco? 3 (Jean-Pierre Beltoise - 1972, Olivier Panis - 1996, and Jarno Trulli - 2004)
96%
How many drivers were classified as finishing the race in the 1996 Monaco Grand Prix? 7 (only 3 actually crossed the finish line)
76%
How many times has Emerson Fittipaldi won the Monaco Grand Prix? 0
74%
In what year did Arrows score their last ever points at the Monaco Grand Prix? 2002
72%
As of 2017, when is the last time the winner of the Monaco Grand Prix, gone on to win the drivers championship for that season? 2011 (Sebastian Vettel)
67%
What two time world champion failed to qualify for the 1983 Monaco Grand Prix? Niki Lauda
63%
What team was he driving for? (follow up to previous question) McLaren
60%
What year saw the last driver to crash into the harbour during the actual Grand Prix itself? 1965
59%
Mika Hakkinen won the 1998 Monaco Grand Prix, but who finished 3rd? Eddie Irvine
55%
Who started on pole in the 1981 Monaco Grand Prix? Nelson Piquet
52%
Eddie Irvine finished 3rd in the 2001 Monaco Grand Prix, scoring the first podium for what team? Jaguar-Cosworth
51%
What year introduced the new Monaco layout that included the swimming pool section? 1973
49%
What World Champion started his career at the 1973 Grand Prix of Monaco and ended it at the 1979 Grand Prix of Monaco? James Hunt
48%
What future world champion failed to qualify for the 1965 Monaco Grand Prix? Jochen Rindt
48%
What team was he driving for? (follow up to previous question) Sauber-Ferrari
47%
Where did Kimi Raikkonen start in the 2007 Monaco Grand Prix? 16th
46%
What driver was forced to sit out at the 2011 Monaco Grand Prix after a massive crash in qualifying? Sergio Perez
43%
What team finished 2nd and 3rd at the 2005 Monaco Grand Prix? Williams-BMW
42%
Who won the 1980 Monaco Grand Prix? Carlos Reutemann
29%
What driver was killed during the 1967 Monaco Grand Prix? Lorenzo Bandini
28%
What did the Red Bull pit crew dress up as for the 2005 Monaco Grand Prix? Imperial Stormtroopers
27%
What driver replaced him at the following race in Canada? (follow up to previous 2 questions) Pedro de la Rosa
21%
What driver was leading the points standings after the 1985 Monaco Grand Prix? Elio de Angelis
20%
What driver made no pit stop during the 1997 Monaco Grand Prix? Mika Salo
15%
What drivers car was hit by the safety car while it was being towed back to the garage in 1995? Taki Inoue
14%
Who was the driver that went into the harbour that race? (follow up to previous question) Paul Hawkins
6%
What caused Rubens Barrichello to retire from the 2010 Monaco Grand Prix? A manhole cover
3%
What driver recieve the first ever 10 second stop-go penalty in Formula One at the 1991 Monaco Grand Prix? Pierluigi Martini
2%
No matching quizzes found
Score Distribution
Percent of People with Each Score
Percentile by Number Answered
Your Score History
You have not taken this quiz since the last reset